000 00555nam a2200217Ia 4500
005 20250326144205.0
008 250326s9999 xx 000 0 und d
020 _a978-0-34095235-1
037 _aTextbook
040 _aFMSL
_beng
_cFMSL
041 _aeng
_2eng
084 _aY48 P7
_qFMSL
100 _aJones Peter
245 0 _aTycoon
_cJones Peter
260 _aUnited Kingdom
_bUnited Kingdom, Hodder Stoughton
_c2007
300 _ax,258
365 _b350
650 _aNovel
942 _cTB
_hY48 P7
999 _c1302728
_d1302728